| 000 | 00788nam a22002411u 4500 | ||
|---|---|---|---|
| 001 | 05895 | ||
| 003 | HDC | ||
| 007 | cr bn ---aaaaa | ||
| 008 | 210121p2005 | d 00 engg | ||
| 040 | _aHDC | ||
| 245 | 0 | _aHalal Financial Services Analyst Report | |
| 260 |
_a[no place] : _b[publisher not identified], _c2005 |
||
| 300 | _a 1 online resource (17 pages) | ||
| 336 |
_atext _2rdacontent |
||
| 337 |
_acomputer _2rdamedia |
||
| 338 |
_aonline resource _2rdacarrier |
||
| 650 |
_aHalal financial _96209 |
||
| 650 |
_aislamic finance _9181 |
||
| 856 | _zRequest full-text at [email protected] | ||
| 942 | _2lcc | ||
| 942 | _cEIS | ||
| 942 | _kREPT 000215 | ||
| 999 |
_c3219 _d3219 |
||